Net zero energy building : (Record no. 607969)

000 -LEADER
fixed length control field 01256cam a22003498i 4500
001 - CONTROL NUMBER
control field 20733453
003 - CONTROL NUMBER IDENTIFIER
control field OSt
005 - DATE AND TIME OF LATEST TRANSACTION
control field 20240221104619.0
008 - FIXED-LENGTH DATA ELEMENTS--GENERAL INFORMATION
fixed length control field 181106s2019 enk b 000 0 eng
010 ## - LIBRARY OF CONGRESS CONTROL NUMBER
LC control number 2018053250
020 ## - INTERNATIONAL STANDARD BOOK NUMBER
International Standard Book Number 9780815367796 (hardback)
020 ## - INTERNATIONAL STANDARD BOOK NUMBER
International Standard Book Number 9780815367802 (pbk.)
020 ## - INTERNATIONAL STANDARD BOOK NUMBER
Canceled/invalid ISBN 9781351256520 (e-book)
040 ## - CATALOGING SOURCE
Original cataloging agency DLC
Language of cataloging eng
Transcribing agency DLC
Description conventions rda
042 ## - AUTHENTICATION CODE
Authentication code pcc
050 00 - LIBRARY OF CONGRESS CALL NUMBER
Classification number TH880
Item number .H795 2019
082 00 - DEWEY DECIMAL CLASSIFICATION NUMBER
Classification number 720.472
Edition number 23
Author Mark HUM
100 1# - MAIN ENTRY--PERSONAL NAME
Personal name Hu, Ming,
Dates associated with a name 1975-
Relator term author.
9 (RLIN) 121004
245 10 - TITLE STATEMENT
Title Net zero energy building :
Remainder of title predicted and unintended consequences /
Statement of responsibility, etc. Ming Hu.
260 ## - PUBLICATION, DISTRIBUTION, ETC.
Place of publication, distribution, etc. New York:
Name of publisher, distributor, etc. Routledge;
Date of publication, distribution, etc. 2019.
263 ## - PROJECTED PUBLICATION DATE
Projected publication date 1111
300 ## - PHYSICAL DESCRIPTION
Extent 161p.:
504 ## - BIBLIOGRAPHY, ETC. NOTE
Bibliography, etc. note Includes bibliographical references.
650 #0 - SUBJECT ADDED ENTRY--TOPICAL TERM
Topical term or geographic name entry element Sustainable construction.
9 (RLIN) 26154
650 #0 - SUBJECT ADDED ENTRY--TOPICAL TERM
Topical term or geographic name entry element Sustainable buildings.
9 (RLIN) 10598
650 #0 - SUBJECT ADDED ENTRY--TOPICAL TERM
Topical term or geographic name entry element Building
General subdivision Social aspects.
9 (RLIN) 121005
650 #0 - SUBJECT ADDED ENTRY--TOPICAL TERM
Topical term or geographic name entry element Buildings
General subdivision Environmental aspects.
9 (RLIN) 118977
906 ## - LOCAL DATA ELEMENT F, LDF (RLIN)
a 0
b vip
c orignew
d 1
e ecip
f 20
g y-gencatlg
942 ## - ADDED ENTRY ELEMENTS (KOHA)
Source of classification or shelving scheme
Koha item type Book
Institution code [OBSOLETE] SADA
Call number prefix 720.472 HUM 2019
Holdings
Withdrawn status Lost status Source of classification or shelving scheme Damaged status Not for loan Permanent Location Current Location Date acquired Source of acquisition Total Checkouts Full call number Barcode Date last seen Cost, replacement price Price effective from Koha item type
          School of Art Design and Architecture (SADA) School of Art Design and Architecture (SADA) 10/02/2020 Golden Books   720.472 HUM 2019 SADA0002847 02/21/2024 5423.04 02/21/2024 Book
© 2023 Central Library, National University of Sciences and Technology. All Rights Reserved.